00730cam a2200205 a 450000100060000000300080000600500170001400800390003103500190007004000320008904100110012108200340013210000750016624500960024126000420033730000260037950000500040565000190045570000500047432597BD-RjUL20211209051849.0140427s1963 ii b 000 0 eng a(BD-RjUL)32686 aDLCcDLCdDLCdBD-RjULbeng1 aengara00a297.1240521219bKHM V-3 19632 aKhaṭīb al-Tibrīzī, Muḥammad ibn ʻAbd Allāh,dactive 1337.10aMishkat al-Masabih /cEnglish translation with explanatory notes by James Robson.nVol. III aLahore :bSh. Muhammad Ashraf,c1963. a817-1238 p. ;c25 cm. aTranslation of: Mishkāt al-Maṣābīḥ. 0aHadithxTexts.1 aRobson, James,cemeritus professor of Arabic.